| 000 | 00534nam a22001817a 4500 | ||
|---|---|---|---|
| 003 | BUBTL | ||
| 008 | 210831b xxu||||| |||| 00| 0 eng d | ||
| 082 | _a348 / G6998b | ||
| 100 |
_94149 _aGoswami, Samarendra Nath |
||
| 245 |
_aThe Bangladesh Law Times : _bJudgment on arrest and remand case's / |
||
| 250 | _a1st edn. | ||
| 260 |
_aDhaka : _bSamarendra Nath Goswami, _cc2016. |
||
| 300 |
_aiv, 148 p. : _c24 cm. |
||
| 650 | 0 |
_926 _aLaw |
|
| 856 |
_k0 _l0 _yDownload |
||
| 942 |
_2ddc _cBK |
||
| 999 |
_c6522 _d6522 |
||